Quattro Pro 4: manual de bolsillo
Furkejuvvon:
| Váldodahkki: | |
|---|---|
| Materiálatiipa: | Girji |
| Giella: | espánnjágiella |
| Almmustuhtton: |
Madrid
Osborne-McGraw-Hill
1993
|
| Ráidu: | Serie McGraw-Hill de informática
|
| Fáttát: | |
| Fáddágilkorat: |
Lasit fáddágilkoriid
Eai fáddágilkorat, Lasit vuosttaš fáddágilkora!
|
MARC
| LEADER | 00000nam a2200000 a 4500 | ||
|---|---|---|---|
| 001 | UCW2219 | ||
| 003 | CL-VaPUC | ||
| 008 | 930517e19930000SP |||||||||||||||||spa|d | ||
| 082 | 0 | 4 | |a 005.369 |b KEO |2 21 |
| 100 | 0 | |a Keogh, James |e author |9 306180 | |
| 245 | 1 | 0 | |a Quattro Pro 4: manual de bolsillo |
| 300 | |a 299 p | ||
| 942 | |c BK | ||
| 945 | |d 19930517 00:00:00 | ||
| 260 | |a Madrid |b Osborne-McGraw-Hill |c 1993 | ||
| 650 | 7 | |a QUATTRO PROGRAMA PARA COMPUTADOR |2 CL-VaPUC |9 264088 | |
| 583 | |a last modification |c 19930517 00:00:00 |k Rodrigo Vera | ||
| 490 | 0 | |a Serie McGraw-Hill de informática | |
| 999 | |c 216818 |d 216816 | ||